000 00879nas a2200277 4500
001 BR0104733
003 BR-BrBNA
005 20231205102437.0
007 ta
008 230509b bl.|||p| |||| 00| 00por d
040 _aBR-BrBNA
_bpor
_cBiblioteca Nacional de Agricultura
041 _a(Pt)
072 _aL53; L52
100 1 _aPena, C.D.O.
100 1 _aQueiroz, S.A. de
100 1 _aFries, L.A.
245 1 _aComparacao entre criterios de selecao de precocidade sexual e a associacao destes com caracteristicas de crescimento em bovinos Nelore
650 _aGado Nelore
650 _aMaturidade Sexual
650 _aSelecao
650 _aCrescimento
650 _aIdade
773 0 _tRevista Brasileira de Zootecnia (Brazil)
_xISSN 1516-3598
_g(Jan-Feb 2001), v. 30(1) p. 93-100
_wBR0104733
909 _a202311
_bLúcia
_c55
_dLúcia Elande
942 _2AGRIS
_n0
_cANA
999 _c167610
_d167610